Sports Quiz

Random Sports or Football Quiz

NFL Rookies of the Year Quiz Stats

 Plays Quiz Updated Mar 2, 2019

Score 0/52 Timer 07:00
1 Play Today
Year Player % Correct
2018Saquon Barkley
76.6%
2007Adrian Peterson
70.5%
2011Cam Newton
69.5%
2012Robert Griffin III
67%
2016Dak Prescott
65.6%
1990Emmitt Smith
62.2%
2015Todd Gurley
58.6%
2014Odell Beckham Jr.
57.1%
2008Matt Ryan
54.1%
2017Alvin Kamara
52.9%
2006Vince Young
49.9%
1989Barry Sanders
48.3%
1998Randy Moss
45.8%
2005Carnell 'Cadillac' Williams
43.5%
2004Ben Roethlisberger
39.3%
1985Eddie Brown
37.3%
2013Eddie Lacy
32.6%
1994Marshall Faulk
30.1%
1999Edgerrin James
28.7%
2001Anthony Thomas
27.4%
1975Mike Thomas
27.3%
1996Eddie George
24.1%
1983Eric Dickerson
23.4%
1972Franco Harris
22.9%
1982Marcus Allen
21.4%
1995Curtis Martin
21.2%
Year Player % Correct
1978Earl Campbell
20.3%
1993Jerome Bettis
19.4%
2003Anquan Boldin
17.9%
2009Percy Harvin
17.4%
2000Mike Anderson
17.3%
1979Ottis Anderson
17.2%
2002Clinton Portis
17.1%
2010Sam Bradford
16.7%
1976Sammy White
14.9%
1977Tony Dorsett
13.7%
1981George Rogers
10.5%
1997Warrick Dunn
10%
1980Billy Sims
8.8%
1974Don Woods
5.7%
1969Calvin Hill
4.4%
1991Leonard Russell
4.3%
1973Chuck Foreman
2.8%
1992Carl Pickens
2.7%
1984Louis Lipps
2%
1988John Stephens
2%
1971John Brockington
1.9%
1986Rueben Mayes
1.7%
1970Dennis Shaw
1.5%
1967Mel Farr
1.5%
1987Troy Stradford
1.1%
1968Earl McCullouch
0.9%

You're not logged in!

Compare scores with friends on all Sporcle quizzes.
OR
Log In

Sporcle TV

Today on Sporcle TV


Watch our educational content, quiz creation guides, and fun videos on Sporcle TV.

Show Comments

Extras

Top Quizzes Today


Score Distribution

Your Account Isn't Verified!

In order to create a playlist on Sporcle, you need to verify the email address you used during registration. Go to your Sporcle Settings to finish the process.

Report this User

Report this user for behavior that violates our Community Guidelines.

Details: